| 000 | 00754nam a22002417a 4500 | ||
|---|---|---|---|
| 003 | OSt | ||
| 005 | 20150124113316.0 | ||
| 008 | 140127b mx||||| |||| 00| 0 spa d | ||
| 020 | _a9686670904 | ||
| 040 | _cUMSNH | ||
| 050 |
_aPQ7251 _bJ84 1991 |
||
| 100 | 1 | _aMendiola, Antonio | |
| 245 | 1 | 0 |
_aV juegos florales : _bMorelia, Michoacan / _cAntonio Mendiola, Luis Arceo Preciado, Alejandro Delgado. |
| 250 | _a1a ed. | ||
| 260 |
_aMorelia, Michoacán : _bGobierno del Estado, IMC, Ayuntamiento de Morelia, _c1991 |
||
| 300 |
_a35 p. ; _c21 cm. |
||
| 440 | 4 | _aLos Tejedores, segunda | |
| 650 | 4 | _aPoesia mexicana | |
| 650 | 4 | _aPoetas michoacanos | |
| 700 | 1 | _aArceo Preciado, Luis, | |
| 700 | 1 | _aDelgado, Alejandro | |
| 942 |
_2lcc _cLIB |
||
| 999 |
_c3046 _d3046 |
||